Senso no tsukurikata = What happens before war? (Record no. 1319418)

MARC details
000 -LEADER
fixed length control field 00737nam a2200253Ia 4500
005 - DATE AND TIME OF LATEST TRANSACTION
control field 20250507130404.0
008 - FIXED-LENGTH DATA ELEMENTS--GENERAL INFORMATION
fixed length control field 008 250505s9999 xx 000 0 eng d
020 ## - INTERNATIONAL STANDARD BOOK NUMBER
International Standard Book Number 9784838715435
037 ## - SOURCE OF ACQUISITION
Stock number Annuals, Advances
040 ## - CATALOGING SOURCE
Original cataloging agency EASL
Language of cataloging eng
Transcribing agency EASL
041 ## - LANGUAGE CODE
Language code of text/sound track or separate title eng
Source of code eng
084 ## - COLON CLASSIFICATION NUMBER
Classification number V42.N5, P4
Assigning agency EASL
100 ## - MAIN ENTRY--PERSONAL NAME
Personal name Ribbon Project
9 (RLIN) 667831
245 #0 - TITLE STATEMENT
Title Senso no tsukurikata = What happens before war?
260 ## - PUBLICATION, DISTRIBUTION, ETC.
Place of publication, distribution, etc. Japan
Name of publisher, distributor, etc. Tokyo Magajin House Japan
Date of publication, distribution, etc. 2004
300 ## - PHYSICAL DESCRIPTION
Extent 48p.
365 ## - TRADE PRICE
Price type code ¥
Price amount 600
490 ## - SERIES STATEMENT
Volume/sequential designation V.3
546 ## - LANGUAGE NOTE
Language note Bilingual - Japanese - English
650 ## - SUBJECT ADDED ENTRY--TOPICAL TERM
Topical term or geographic name entry element JL; Bilingual
9 (RLIN) 755331
700 ## - ADDED ENTRY--PERSONAL NAME
Personal name Goodwan Adam Tr.
9 (RLIN) 667832
942 ## - ADDED ENTRY ELEMENTS (KOHA)
Koha item type Textual
Classification part V42.N5, P4

No items available.

Copyright @ Delhi University Library System